Countries by IPA Transcription #1 - Statistics

General Stats
  • This quiz has been taken 61 times
  • The average score is 13 of 15
Answer Stats
IPA Latin Script % Correct
[frɑːns] France
100%
[dəˈmɪnɪkə] Dominica
96%
[ˈaɪələnd] Ireland
96%
[ælˈbeɪniə] Albania
95%
[ˈjɛmən] Yemen
93%
[ˈkɛnjə] Kenya
91%
[ˈfɪlɪˌpiːnz] Philippines
88%
[ˈkɪrɪbæs] Kiribati
82%
[saʊθ kəˈriːə] South Korea
82%
[ˈʧaɪnə] China
80%
[kəˈtɑː] Qatar
80%
[ˈʤɔːdᵊn] Jordan
75%
[seɪˈʃɛlz] Seychelles
75%
[juː-ɛs-eɪ] USA
75%
[ˈʤɔːʤə] Georgia
66%
No matching quizzes found
Score Distribution
Percent of People with Each Score
Percentile by Number Answered
Your Score History
You have not taken this quiz